000 00596cam a22002053a 4500
001 39211
003 PGUSA
005 20140828083854.0
008 120320s2012||||xxu|||||s|||||000 | eng d
040 _aPGUSA
_beng
042 _adc
100 1 _aHofmann, Josef,
_d1876-1957
245 1 0 _aPiano Playing :
_bWith Piano Questions Answered
_h[electronic resource] /
_cJosef Hofmann
260 _bProject Gutenberg,
_c2012
506 _aPublic domain in the USA.
516 _aElectronic text
830 0 _aProject Gutenberg
_v39211
856 4 0 _uhttp://www.gutenberg.org/ebooks/39211
942 _cEB
999 _c268464
_d268464